000 00476nam a22001937a 4500
003 MPLRDC
005 20220104123902.0
008 210129b ||||| |||| 00| 0 eng d
020 _a957-452-231-8
082 _a192.8 LY-2
100 _a林郁 主编
245 _a向圣贤学习睿智
_c
250 _a初版
260 _a台湾
_b林郁文化事业有限公司
_c2002
300 _b219
490 _a灯塔丛书. 06
650 _a格言
942 _cBK
_o192.8 LY-2
999 _c14959
_d14949